[Event "FRA-ch U20"]
[Site "Agen"]
[Date "2024.04.17"]
[Round "5"]
[White "Roux, Baptiste"]
[Black "Bacrot, Alexandre"]
[Result "0-1"]
[WhiteElo "2361"]
[BlackElo "2392"]
[PlyCount "96"]
[EventDate "2024.04.14"]
[EventType "swiss"]
[EventRounds "9"]
[EventCountry "FRA"]
[SourceTitle "CB17_2024"]
[SourceDate "2024.04.24"]
[SourceVersion "1"]
[SourceVersionDate "2024.04.24"]
[SourceQuality "1"]

1. e4 e6 2. d3 d5 3. Nd2 Nf6 4. g3 dxe4 5. dxe4 e5 6. Ngf3 Nc6 7. Bg2 Bc5 8. 0-0 0-0 9. c3 a5 10. Qc2 Be6 11. h3 h6 12. Nh4 Re8 13. Nf5 Bf8 14. Rd1 Qc8 15. g4 g6 16. Ne3 Bg7 17. Nd5 h5 18. g5 Nh7 19. h4 f6 20. Nf1 fxg5 21. hxg5 Nd8 22. Qd3 Nf7 23. Qg3 Bxd5 24. Rxd5 c6 25. Bh3 Qb8 26. Rd3 Rd8 27. Rf3 Qd6 28. Bf5 gxf5 29. exf5 e4 30. Bf4 Qd7 31. Re3 Qxf5 32. g6 Ne5 33. gxh7+ Kxh7 34. Bxe5 Bxe5 35. Qh3 Rg8+ 36. Kh1 Rg4 37. Ng3 Bxg3 38. Rxg3 Rag8 39. Rd1 R8g5 40. Rdg1 Kg6 41. Rxg4 hxg4 42. Qg3 Qf3+ 43. Qxf3 gxf3 44. Rd1 Rg2 45. Rd4 Kf5 46. Rd2 c5 47. b3 Kg4 48. b4 e3 0-1

[Event "FRA-ch U20"]
[Site "Agen"]
[Date "2024.04.15"]
[Round "2"]
[White "Pinto, Axel"]
[Black "Roux, Baptiste"]
[Result "0-1"]
[WhiteElo "1948"]
[BlackElo "2361"]
[PlyCount "76"]
[EventDate "2024.04.14"]
[EventType "swiss"]
[EventRounds "9"]
[EventCountry "FRA"]
[SourceTitle "CB17_2024"]
[SourceDate "2024.04.24"]
[SourceVersion "1"]
[SourceVersionDate "2024.04.24"]
[SourceQuality "1"]

1. d4 d5 2. c4 c6 3. Nf3 Nf6 4. g3 dxc4 5. Bg2 b5 6. 0-0 Bb7 7. Ne5 e6 8. Nc3 a6 9. f4 Be7 10. f5 exf5 11. Rxf5 0-0 12. e4 Nbd7 13. Nxd7 Qxd7 14. Bg5 Rad8 15. Ne2 Bc8 16. Qf1 Ne8 17. Bxe7 Qxe7 18. Rf4 Nc7 19. Qf2 Ne6 20. Rh4 Qg5 21. Rd1 Nc5 22. Nf4 Qe7 23. Nh5 f5 24. e5 Nd3 25. Qe3 c5 26. dxc5 Nxc5 27. Rhd4 Nd3 28. Bd5+ Be6 29. Bxe6+ Qxe6 30. Rxd8 Rxd8 31. Qg5 Qb6+ 32. Kg2 Qb7+ 33. Kg1 Qa7+ 34. Kg2 Nf4+ 35. Qxf4 Rxd1 36. Qxf5 Qg1+ 37. Kh3 Qf1+ 38. Kg4 Qxf5+ 0-1

[Event "FRA-ch U26"]
[Site "Bastia"]
[Date "2024.04.06"]
[Round "3"]
[White "Paris, Romain"]
[Black "Roux, Baptiste"]
[Result "0-1"]
[WhiteElo "1898"]
[BlackElo "2361"]
[PlyCount "72"]
[EventDate "2024.04.06"]
[EventType "swiss"]
[EventRounds "9"]
[EventCountry "FRA"]
[SourceTitle "CB16_2024"]
[SourceDate "2024.04.17"]
[SourceVersion "1"]
[SourceVersionDate "2024.04.17"]
[SourceQuality "1"]

1. d4 d5 2. Nf3 Nf6 3. c4 c6 4. Nc3 e6 5. Bf4 Nbd7 6. e3 Be7 7. Bd3 0-0 8. 0-0 dxc4 9. Bxc4 b5 10. Bd3 Bb7 11. Rc1 a6 12. Qe2 c5 13. dxc5 Nxc5 14. Bb1 Rc8 15. Rfd1 Qb6 16. h3 b4 17. Nd4 bxc3 18. Rxc3 Rfd8 19. Rdc1 Nce4 20. Rc7 Bc5 21. Rxc8 Rxc8 22. f3 Bxd4 23. Rxc8+ Bxc8 24. fxe4 Bxb2 25. Bc2 e5 26. Bg3 Be6 27. Kh2 Nd7 28. Qd2 Ba3 29. Be1 Bc5 30. Ba4 Bxe3 31. Qc3 Bg1+ 32. Kh1 Bd4 33. Qc8+ Nf8 34. Qe8 Qb1 35. Kh2 Qxe1 36. Qc6 Bg1+ 0-1

[Event "FRA-ch U26"]
[Site "Bastia"]
[Date "2024.04.06"]
[Round "6"]
[White "Rakotomaharo, Fy Antenaina"]
[Black "Roux, Baptiste"]
[Result "1-0"]
[WhiteElo "2448"]
[BlackElo "2361"]
[PlyCount "69"]
[EventDate "2024.04.06"]
[EventType "swiss"]
[EventRounds "9"]
[EventCountry "FRA"]
[SourceTitle "CB16_2024"]
[SourceDate "2024.04.17"]
[SourceVersion "1"]
[SourceVersionDate "2024.04.17"]
[SourceQuality "1"]

1. e4 c5 2. a4 e6 3. g3 Nc6 4. d3 d5 5. Nd2 Bd6 6. Bg2 Nge7 7. f4 0-0 8. Ngf3 Bd7 9. 0-0 Rc8 10. c3 a6 11. e5 Bb8 12. Nb3 Na5 13. Be3 Nxb3 14. Qxb3 b6 15. d4 c4 16. Qc2 b5 17. axb5 axb5 18. g4 b4 19. Ng5 g6 20. Qf2 h6 21. Nf3 Kh7 22. f5 exf5 23. Qh4 Ng8 24. Bg5 Qb6 25. Bxh6 Nxh6 26. g5 Rh8 27. gxh6 Rhf8 28. Qe7 Qd8 29. Ng5+ Kg8 30. h7+ Kg7 31. h8Q+ Kxh8 32. Nxf7+ Rxf7 33. Qxf7 Qe8 34. Qf6+ Kg8 35. Bxd5+ 1-0

[Event "FRA-ch U26"]
[Site "Bastia"]
[Date "2024.04.06"]
[Round "2"]
[White "Roux, Baptiste"]
[Black "Alif, Yassine"]
[Result "1-0"]
[WhiteElo "2361"]
[BlackElo "2003"]
[PlyCount "91"]
[EventDate "2024.04.06"]
[EventType "swiss"]
[EventRounds "9"]
[EventCountry "FRA"]
[SourceTitle "CB16_2024"]
[SourceDate "2024.04.17"]
[SourceVersion "1"]
[SourceVersionDate "2024.04.17"]
[SourceQuality "1"]

1. e4 e5 2. Nf3 Nc6 3. Bb5 a6 4. Ba4 Nf6 5. d4 exd4 6. 0-0 b5 7. Bb3 d6 8. Ng5 Ne5 9. f4 Nc4 10. e5 Nd5 11. Bxc4 bxc4 12. Qxd4 c6 13. exd6 Qb6 14. Re1+ Kd7 15. Qxb6 Nxb6 16. Nxf7 Rg8 17. Nc3 Bxd6 18. Rd1 Nd5 19. Nxd5 cxd5 20. Rxd5 Ke6 21. Rxd6+ Kxf7 22. Bd2 Bf5 23. Bc3 Rge8 24. Kf2 Re7 25. Re1 Rxe1 26. Kxe1 Ra7 27. Rc6 Bxc2 28. Rxc4 Bf5 29. Kf2 Be6 30. Ra4 g6 31. Ke3 Bd5 32. g3 Bc6 33. Rb4 a5 34. Rb6 Bd5 35. a4 Be6 36. Rb8 Re7 37. Be5 Bd7 38. b3 Ke6 39. Ra8 Kf5 40. Rxa5 Kg4 41. Ra7 Kh3 42. Kf2 Kxh2 43. b4 h5 44. b5 Kh3 45. b6 g5 46. b7 1-0

[Event "FRA-ch U26"]
[Site "Bastia"]
[Date "2024.04.06"]
[Round "4"]
[White "Roux, Baptiste"]
[Black "Harutyunyan, Safar"]
[Result "1-0"]
[WhiteElo "2361"]
[BlackElo "2266"]
[PlyCount "98"]
[EventDate "2024.04.06"]
[EventType "swiss"]
[EventRounds "9"]
[EventCountry "FRA"]
[SourceTitle "CB16_2024"]
[SourceDate "2024.04.17"]
[SourceVersion "1"]
[SourceVersionDate "2024.04.17"]
[SourceQuality "1"]

1. e4 e6 2. d4 d5 3. exd5 exd5 4. Nf3 Nf6 5. Bd3 c5 6. 0-0 c4 7. Re1+ Be7 8. Bf1 0-0 9. b3 cxb3 10. axb3 Nc6 11. c3 Bf5 12. Bf4 Ne4 13. Ne5 Nxe5 14. Bxe5 f6 15. Bf4 g5 16. Bg3 a6 17. Bd3 Rc8 18. f3 Nxg3 19. hxg3 Bxd3 20. Qxd3 Bd6 21. g4 Bg3 22. Re2 Re8 23. Rxe8+ Qxe8 24. Nd2 Bf4 25. Nf1 Qc6 26. g3 Bc7 27. Rc1 Re8 28. Kf2 Qe6 29. c4 dxc4 30. Qxc4 Bb6 31. Ne3 Qxc4 32. Rxc4 Rd8 33. Nf5 a5 34. Ke2 Kf7 35. Kd3 Ke6 36. Ke4 Kd7 37. Rc1 Re8+ 38. Kd3 Ra8 39. Re1 a4 40. bxa4 Rxa4 41. Re7+ Kc6 42. Rxh7 Bc7 43. Rf7 Bd8 44. Ne3 Ra3+ 45. Ke4 b5 46. Nd5 Ra1 47. Nxf6 Re1+ 48. Kd3 b4 49. Kc4 Ba5 1-0

[Event "Purtichju op"]
[Site "Purtichju"]
[Date "2023.07.04"]
[Round "5"]
[White "Roux, Baptiste"]
[Black "Msellek, Ilyass"]
[Result "1-0"]
[WhiteElo "2288"]
[BlackElo "2417"]
[PlyCount "123"]
[EventDate "2023.07.01"]
[EventType "swiss"]
[EventRounds "9"]
[EventCountry "FRA"]
[SourceTitle "CBM 215 Extra"]
[Source "ChessBase"]
[SourceDate "2023.09.30"]
[SourceVersion "1"]
[SourceVersionDate "2023.09.30"]
[SourceQuality "1"]

1. e4 c5 2. Nf3 e6 3. d4 cxd4 4. Nxd4 Nc6 5. Nxc6 bxc6 6. Bd3 d5 7. 0-0 Nf6 8. Nd2 Be7 9. Qe2 0-0 10. c4 a5 11. b3 a4 12. Rb1 axb3 13. axb3 Ra2 14. Rb2 Qa5 15. exd5 cxd5 16. Nf3 Rxb2 17. Bxb2 Bb7 18. Ng5 Ra8 19. Nxe6 fxe6 20. Qxe6+ Kf8 21. Re1 Qc7 22. Bxf6 Bxf6 23. Bxh7 Qf7 24. Qd6+ Be7 25. Qb6 Ra2 26. Bg6 Ra6 27. Qxa6 Bxa6 28. Bxf7 Kxf7 29. cxd5 Bb7 30. Rd1 Bd6 31. g3 Kf6 32. b4 Ke5 33. f4+ Ke4 34. b5 Kf3 35. Kf1 Bc8 36. Rc1 Bh3+ 37. Ke1 Ke3 38. Rc6 Bb4+ 39. Kd1 Kd3 40. Kc1 Bg2 41. b6 Bxd5 42. b7 Bd2+ 43. Kb1 Bxc6 44. b8Q Be4 45. Qc7 Bc3 46. Kc1 g6 47. Qc5 Bf5 48. h4 Bd2+ 49. Kb2 Be3 50. Qc2+ Kd4 51. Qc3+ Ke4 52. Qe5+ Kd3 53. Qd5+ Bd4+ 54. Kc1 Kc3 55. Kd1 Kd3 56. Qf3+ Be3 57. Ke1 Kd4 58. Qc6 Kd3 59. Qd5+ Bd4 60. h5 Be4 61. Qb5+ Ke3 62. Qe2# 1-0

[Event "Titled Tuesday intern op 07th Feb Late"]
[Site "Chess.com INT"]
[Date "2023.02.07"]
[Round "5"]
[White "Guerb, Leonid"]
[Black "Roux, Baptiste"]
[Result "1-0"]
[WhiteElo "2295"]
[BlackElo "2199"]
[PlyCount "145"]
[EventDate "2023.02.07"]
[EventType "swiss (blitz)"]
[EventRounds "11"]
[EventCountry "USA"]
[SourceTitle "EXT 2024"]
[Source "ChessBase"]
[SourceDate "2023.10.10"]
[SourceVersion "1"]
[SourceVersionDate "2023.10.10"]
[SourceQuality "1"]

1. Nf3 d5 2. g3 g6 3. Bg2 Bg7 4. 0-0 e5 5. c4 c6 6. d3 h5 7. Bg5 f6 8. Bd2 dxc4 9. dxc4 Ne7 10. Nc3 Be6 11. b3 h4 12. Nxh4 g5 13. Nf3 Qc8 14. Ne4 Kf8 15. Re1 Bh3 16. Bh1 Qg4 17. Qc2 Nd7 18. Bb4 Re8 19. Nd6 c5 20. Nxe8 cxb4 21. Nxg7 Kxg7 22. Rad1 Nc5 23. Nd2 Qh5 24. Bf3 Bg4 25. Nf1 Bxf3 26. exf3 Qxf3 27. Re3 Qh5 28. Qe2 g4 29. Qd2 Nf5 30. Rd3 Nd4 31. Rxd4 exd4 32. Qxd4 Ne6 33. Qd7+ Qf7 34. Qxf7+ Kxf7 35. Rd7+ Kg6 36. Rxb7 a5 37. Ra7 Nd4 38. Nd2 Nf3+ 39. Nxf3 gxf3 40. h4 Rd8 41. Rxa5 Rd1+ 42. Kh2 Rf1 43. Kh3 f5 44. g4 f4 45. Ra6+ Kf7 46. g5 Rxf2 47. Kg4 Rg2+ 48. Kxf3 Rh2 49. Kxf4 Rxh4+ 50. Ke3 Rh1 51. Kd4 Rg1 52. Kc5 Rxg5+ 53. Kxb4 Rf5 54. Rd6 Ke7 55. Rd5 Rf6 56. a4 Rb6+ 57. Kc3 Rb8 58. a5 Ke6 59. b4 Ra8 60. Kb3 Ra6 61. Ka4 Ke7 62. Rc5 Kd7 63. Rd5+ Kc6 64. b5+ Kc7 65. bxa6 Kb8 66. Rd7 Ka8 67. Kb5 Kb8 68. Kc6 Kc8 69. c5 Kb8 70. Rc7 Ka8 71. Kb6 Kb8 72. Rc6 Ka8 73. Rc8# 1-0

[Event "Titled Tuesday intern op 07th Feb Late"]
[Site "Chess.com INT"]
[Date "2023.02.07"]
[Round "4"]
[White "Roux, Baptiste"]
[Black "Simonian, Hrair"]
[Result "0-1"]
[WhiteElo "2199"]
[BlackElo "2431"]
[PlyCount "58"]
[EventDate "2023.02.07"]
[EventType "swiss (blitz)"]
[EventRounds "11"]
[EventCountry "USA"]
[SourceTitle "EXT 2024"]
[Source "ChessBase"]
[SourceDate "2023.10.10"]
[SourceVersion "1"]
[SourceVersionDate "2023.10.10"]
[SourceQuality "1"]

1. e4 c5 2. Nf3 d6 3. g3 g6 4. Bg2 Bg7 5. d3 Nc6 6. 0-0 e6 7. Re1 Nge7 8. Nbd2 0-0 9. h4 e5 10. h5 Bg4 11. Nf1 Bxh5 12. N1h2 f5 13. exf5 gxf5 14. Bg5 Qd7 15. Qd2 Ng6 16. c3 f4 17. d4 cxd4 18. cxd4 Qf5 19. dxe5 dxe5 20. Qd5+ Kh8 21. gxf4 Nxf4 22. Bxf4 Qxf4 23. Re4 Qf5 24. Rae1 Nd4 25. Nxd4 Qxf2+ 26. Kh1 Rad8 27. Qb5 Rxd4 28. Rf1 Rd1 29. Ra4 Be2 0-1

[Event "Titled Tuesday intern op 31st Jan Early"]
[Site "Chess.com INT"]
[Date "2023.01.31"]
[Round "8"]
[White "Goltsev, Dmitry"]
[Black "Roux, Baptiste"]
[Result "1-0"]
[WhiteElo "2216"]
[BlackElo "2199"]
[PlyCount "87"]
[EventDate "2023.01.31"]
[EventType "swiss (blitz)"]
[EventRounds "11"]
[EventCountry "USA"]
[SourceTitle "CBM 212 Extra"]
[Source "ChessBase"]
[SourceDate "2023.03.31"]
[SourceVersion "1"]
[SourceVersionDate "2023.03.31"]
[SourceQuality "1"]

1. e4 c5 2. Nf3 e6 3. d4 cxd4 4. Nxd4 Nf6 5. Nc3 Nc6 6. Be2 Bb4 7. Qd3 d5 8. exd5 exd5 9. 0-0 h6 10. a3 Bc5 11. Be3 Bb6 12. Rad1 0-0 13. Bf3 Ne5 14. Qe2 Re8 15. h3 Nc4 16. b3 Nxe3 17. fxe3 Qd6 18. b4 Qe5 19. Rfe1 Bc7 20. g4 Ne4 21. Bxe4 dxe4 22. Qg2 Bd7 23. Rf1 Rad8 24. Nce2 g6 25. Nf4 Bb5 26. Rf2 Bc4 27. h4 Bb6 28. c3 Kh7 29. g5 hxg5 30. hxg5 Kg7 31. Qg3 Bc7 32. Kg2 Rh8 33. Rfd2 Bd3 34. Rf2 Rh7 35. Nfe6+ fxe6 36. Qxe5+ Bxe5 37. Nxe6+ Kg8 38. Nxd8 Rh2+ 39. Kg1 Rh3 40. Ne6 Bxc3 41. Rc1 Bb2 42. Rc8+ Kh7 43. Rf7+ Bg7 44. Rxg7# 1-0

[Event "Titled Tuesday intern op 31st Jan Early"]
[Site "Chess.com INT"]
[Date "2023.01.31"]
[Round "6"]
[White "Nigmatov, Ortik"]
[Black "Roux, Baptiste"]
[Result "0-1"]
[WhiteElo "2450"]
[BlackElo "2199"]
[PlyCount "64"]
[EventDate "2023.01.31"]
[EventType "swiss (blitz)"]
[EventRounds "11"]
[EventCountry "USA"]
[SourceTitle "CBM 212 Extra"]
[Source "ChessBase"]
[SourceDate "2023.03.31"]
[SourceVersion "1"]
[SourceVersionDate "2023.03.31"]
[SourceQuality "1"]

1. e4 c5 2. Nf3 e6 3. d4 cxd4 4. Nxd4 Nf6 5. Nc3 Nc6 6. Ndb5 Bb4 7. a3 Bxc3+ 8. Nxc3 d5 9. exd5 exd5 10. Bd3 0-0 11. 0-0 d4 12. Ne2 Re8 13. Bg5 h6 14. Bh4 Qd6 15. Bg3 Qc5 16. b4 Qb6 17. b5 Ne5 18. Nxd4 Bg4 19. Qd2 Nxd3 20. Qxd3 Rad8 21. c3 Be2 22. Qf5 Bxf1 23. Rxf1 Ne4 24. Bh4 Rc8 25. Ne2 Nxc3 26. Nf4 Rc5 27. Qd7 Ne2+ 28. Nxe2 Rxe2 29. a4 Qc7 30. Qd4 Rc4 31. Qd3 Rxh4 32. Qxe2 Qxh2# 0-1

[Event "Titled Tuesday intern op 31st Jan Late"]
[Site "Chess.com INT"]
[Date "2023.01.31"]
[Round "3"]
[White "Richterova, Natasa"]
[Black "Roux, Baptiste"]
[Result "1/2-1/2"]
[WhiteElo "2183"]
[BlackElo "2199"]
[PlyCount "174"]
[EventDate "2023.01.31"]
[EventType "swiss (blitz)"]
[EventRounds "11"]
[EventCountry "USA"]
[SourceTitle "CBM 212 Extra"]
[Source "ChessBase"]
[SourceDate "2023.03.31"]
[SourceVersion "1"]
[SourceVersionDate "2023.03.31"]
[SourceQuality "1"]

1. e4 c5 2. Nf3 a6 3. g3 b5 4. Bg2 Bb7 5. d3 e6 6. 0-0 Be7 7. Re1 d6 8. c3 Nd7 9. d4 cxd4 10. cxd4 Ngf6 11. Nbd2 0-0 12. b3 Rc8 13. Bb2 Qb6 14. Rc1 Rxc1 15. Qxc1 Rc8 16. Qb1 a5 17. Rc1 Rxc1+ 18. Bxc1 Qc6 19. Ne1 Qc3 20. Qb2 b4 21. Qxc3 bxc3 22. Nc4 a4 23. e5 Nd5 24. exd6 Bf8 25. Nc2 axb3 26. axb3 Ba6 27. Bxd5 exd5 28. N4e3 Nf6 29. f3 Bxd6 30. Kf2 Bd3 31. Ke1 Kf8 32. Kd1 Ke7 33. g4 Bxh2 34. g5 Nd7 35. Nxd5+ Kd6 36. Nxc3 Nb6 37. Ne4+ Ke7 38. Nf2 Bb5 39. Ne3 g6 40. Ne4 Bf4 41. Nf6 Bxe3 42. Bxe3 h5 43. Ne4 Nd5 44. Bf2 Nf4 45. Kd2 Ne6 46. Bh4 Bc6 47. Kd3 Bd5 48. b4 Nc7 49. Ke3 Ke6 50. Nc5+ Kf5 51. Nd3 Na6 52. Ne5 Nxb4 53. Nd7 Nc6 54. Nc5 Ne7 55. Nd3 Bb7 56. Kf2 Nd5 57. Ne5 Ke6 58. Nd3 f6 59. Nc5+ Kf5 60. Nxb7 fxg5 61. Bg3 h4 62. Bd6 g4 63. fxg4+ Kxg4 64. Nc5 g5 65. Ne4 Kf5 66. Nxg5 Kxg5 67. Kf3 Kf5 68. Bb8 Nf6 69. Bc7 Ne4 70. Bb8 h3 71. Bc7 Nf6 72. Bb8 Ng4 73. Kg3 h2 74. Kg2 Kg5 75. Bxh2 Kf5 76. Bg3 Ne3+ 77. Kf3 Nc4 78. Be5 Ke6 79. Ke4 Nd2+ 80. Kd3 Nb3 81. Ke4 Na5 82. d5+ Kd7 83. Bd4 Nb7 84. Ke5 Nd8 85. Bb6 Nf7+ 86. Kf6 Kd6 87. Bg1 Kxd5 1/2-1/2

[Event "Titled Tuesday intern op 31st Jan Early"]
[Site "Chess.com INT"]
[Date "2023.01.31"]
[Round "5"]
[White "Rohit, Krishna S"]
[Black "Roux, Baptiste"]
[Result "0-1"]
[WhiteElo "2380"]
[BlackElo "2199"]
[PlyCount "106"]
[EventDate "2023.01.31"]
[EventType "swiss (blitz)"]
[EventRounds "11"]
[EventCountry "USA"]
[SourceTitle "CBM 212 Extra"]
[Source "ChessBase"]
[SourceDate "2023.03.31"]
[SourceVersion "1"]
[SourceVersionDate "2023.03.31"]
[SourceQuality "1"]

1. e4 c5 2. d4 cxd4 3. c3 dxc3 4. Nxc3 Nc6 5. Nf3 e6 6. Bb5 a6 7. Ba4 b5 8. Bc2 Bb7 9. 0-0 Nge7 10. e5 Ng6 11. Re1 Qc7 12. Qe2 Bc5 13. Ne4 Be7 14. Ng3 0-0 15. h4 Rfd8 16. h5 Nf8 17. h6 d6 18. hxg7 Ng6 19. exd6 Bxd6 20. Nh5 Be7 21. Bh6 Nd4 22. Nxd4 Rxd4 23. Rac1 Rh4 24. Ng3 Bc5 25. Be3 Nf4 26. Bxh7+ Rxh7 27. Qc2 Qc6 28. f3 Bxe3+ 29. Rxe3 Qxc2 30. Rxc2 Rc8 31. Rd2 Rxg7 32. Kf2 Bd5 33. b3 Kh7 34. Re5 Rcg8 35. Rd1 Kg6 36. Ke3 Nxg2+ 37. Kf2 Kf6 38. Rexd5 exd5 39. Nh5+ Ke6 40. Nxg7+ Rxg7 41. Rg1 d4 42. Rc1 Kd5 43. Rc8 Ne3 44. Rd8+ Kc5 45. Rc8+ Kb4 46. Rd8 Kc3 47. f4 Kd3 48. Kf3 f5 49. a4 bxa4 50. bxa4 Kc3 51. Rd6 Nc4 52. Rxa6 d3 53. Ra8 Rd7 0-1

[Event "Titled Tuesday intern op 31st Jan Late"]
[Site "Chess.com INT"]
[Date "2023.01.31"]
[Round "4"]
[White "Roux, Baptiste"]
[Black "Bortnyk, Olexandr"]
[Result "0-1"]
[WhiteElo "2199"]
[BlackElo "2604"]
[PlyCount "66"]
[EventDate "2023.01.31"]
[EventType "swiss (blitz)"]
[EventRounds "11"]
[EventCountry "USA"]
[SourceTitle "CBM 212 Extra"]
[Source "ChessBase"]
[SourceDate "2023.03.31"]
[SourceVersion "1"]
[SourceVersionDate "2023.03.31"]
[SourceQuality "1"]

1. e4 Nf6 2. e5 Nd5 3. c4 Nb6 4. d4 d6 5. exd6 exd6 6. Nc3 Be7 7. Bd3 0-0 8. Nge2 c6 9. 0-0 Na6 10. b3 d5 11. c5 Nd7 12. Bf4 Nc7 13. Bg3 g6 14. b4 a6 15. a4 Ne6 16. b5 Bf6 17. bxc6 bxc6 18. Bc2 Re8 19. Re1 a5 20. Bd6 Ba6 21. h3 Nxd4 22. Nxd4 Rxe1+ 23. Qxe1 Bxd4 24. Rd1 Bxc5 25. Bf4 Qf6 26. Qd2 Bb4 27. Nxd5 cxd5 28. Qxd5 Rc8 29. Bg5 Qe5 30. Qxd7 Qxg5 31. Bb3 Qf6 32. Rd5 Rc1+ 33. Kh2 Qf4+ 0-1

[Event "Titled Tuesday intern op 24th Jan Late"]
[Site "Chess.com INT"]
[Date "2023.01.24"]
[Round "2"]
[White "Bashirli, Nail Qoshqar"]
[Black "Roux, Baptiste"]
[Result "1-0"]
[WhiteElo "2348"]
[BlackElo "2199"]
[PlyCount "55"]
[EventDate "2023.01.24"]
[EventType "swiss (blitz)"]
[EventRounds "11"]
[EventCountry "USA"]
[SourceTitle "EXT 2024"]
[Source "ChessBase"]
[SourceDate "2023.10.10"]
[SourceVersion "1"]
[SourceVersionDate "2023.10.10"]
[SourceQuality "1"]

1. e4 e5 2. Nf3 Nc6 3. Nc3 Nf6 4. Bb5 a6 5. Ba4 Be7 6. 0-0 b5 7. Bb3 0-0 8. d3 d6 9. Nd5 Na5 10. Nxe7+ Qxe7 11. h3 c6 12. Bg5 h6 13. Bh4 g5 14. Nxg5 hxg5 15. Bxg5 Nxb3 16. axb3 Qe6 17. f4 Nh7 18. f5 Qe8 19. Bh6 f6 20. Qg4+ Ng5 21. h4 Rf7 22. hxg5 fxg5 23. Qxg5+ Kh8 24. f6 Qg8 25. Bg7+ Rxg7 26. fxg7+ Qxg7 27. Qh5+ Kg8 28. Qe8+ 1-0

[Event "Titled Tuesday intern op 24th Jan Late"]
[Site "Chess.com INT"]
[Date "2023.01.24"]
[Round "5"]
[White "Cueto, Jose"]
[Black "Roux, Baptiste"]
[Result "0-1"]
[WhiteElo "2134"]
[BlackElo "2199"]
[PlyCount "66"]
[EventDate "2023.01.24"]
[EventType "swiss (blitz)"]
[EventRounds "11"]
[EventCountry "USA"]
[SourceTitle "EXT 2024"]
[Source "ChessBase"]
[SourceDate "2023.10.10"]
[SourceVersion "1"]
[SourceVersionDate "2023.10.10"]
[SourceQuality "1"]

1. d4 Nf6 2. Bf4 e6 3. Nf3 b6 4. e3 Bb7 5. Nc3 Be7 6. Be2 0-0 7. h3 d5 8. 0-0 Nbd7 9. Ne5 Nxe5 10. Bxe5 Nd7 11. Bh2 c6 12. Bd3 f5 13. f4 Nf6 14. Nb1 Qe8 15. Nd2 c5 16. c3 Ne4 17. Nf3 Bd6 18. Ne5 Bxe5 19. fxe5 Qg6 20. Bxe4 fxe4 21. Qe2 a5 22. Qc2 Ba6 23. Rxf8+ Rxf8 24. Qb3 cxd4 25. cxd4 Qf5 26. Bg3 Qg5 27. Kh2 Qd8 28. Rc1 Bc4 29. Qa3 Qg5 30. b3 Qxe3 31. bxc4 Qxa3 32. Rb1 dxc4 33. Rxb6 c3 0-1

[Event "Titled Tuesday intern op 24th Jan Late"]
[Site "Chess.com INT"]
[Date "2023.01.24"]
[Round "10"]
[White "Roux, Baptiste"]
[Black "Carnicelli, Valerio"]
[Result "0-1"]
[WhiteElo "2199"]
[BlackElo "2351"]
[PlyCount "80"]
[EventDate "2023.01.24"]
[EventType "swiss (blitz)"]
[EventRounds "11"]
[EventCountry "USA"]
[SourceTitle "EXT 2024"]
[Source "ChessBase"]
[SourceDate "2023.10.10"]
[SourceVersion "1"]
[SourceVersionDate "2023.10.10"]
[SourceQuality "1"]

1. e4 c5 2. Nf3 d6 3. Nc3 Nc6 4. d4 cxd4 5. Nxd4 Nf6 6. g3 g6 7. Bg2 Nxd4 8. Qxd4 Bg7 9. 0-0 0-0 10. Bg5 h6 11. Be3 Ng4 12. Qd2 Nxe3 13. Qxe3 Be6 14. Nd5 Qd7 15. c3 b5 16. f4 Bxd5 17. exd5 b4 18. cxb4 Rab8 19. a3 a5 20. Rfe1 Rfe8 21. Rac1 axb4 22. Rc2 bxa3 23. bxa3 Qa4 24. Qc1 Bf6 25. Re4 Qa7+ 26. Kh1 Rb3 27. a4 Reb8 28. Rc8+ Kg7 29. Rxb8 Qxb8 30. Re1 Qb4 31. Re4 Rb1 32. Rxb4 Rxc1+ 33. Bf1 Rxf1+ 34. Kg2 Ra1 35. Kf3 Ra2 36. h4 h5 37. Ke4 Ra3 38. f5 Rxg3 39. fxg6 Rg4+ 40. Kf5 fxg6+ 0-1

[Event "Titled Tuesday intern op 24th Jan Late"]
[Site "Chess.com INT"]
[Date "2023.01.24"]
[Round "6"]
[White "Roux, Baptiste"]
[Black "Rosenberg, Evan"]
[Result "1/2-1/2"]
[WhiteElo "2199"]
[BlackElo "1931"]
[PlyCount "214"]
[EventDate "2023.01.24"]
[EventType "swiss (blitz)"]
[EventRounds "11"]
[EventCountry "USA"]
[SourceTitle "EXT 2024"]
[Source "ChessBase"]
[SourceDate "2023.10.10"]
[SourceVersion "1"]
[SourceVersionDate "2023.10.10"]
[SourceQuality "1"]

1. e4 e5 2. Nf3 Nc6 3. Nc3 Nf6 4. d4 exd4 5. Nxd4 Bb4 6. Nxc6 bxc6 7. Bd3 d5 8. e5 Ng4 9. 0-0 0-0 10. Bf4 Re8 11. Re1 Bc5 12. Bg3 h5 13. Na4 Be7 14. h3 h4 15. Bf4 Nh6 16. Bxh6 gxh6 17. f4 Bf8 18. Qh5 c5 19. Rad1 Bd7 20. Nc3 c6 21. f5 Qg5 22. Qxg5+ hxg5 23. b3 c4 24. bxc4 dxc4 25. Bxc4 Bxf5 26. Ne4 Bxe4 27. Rxe4 Bg7 28. Rd7 Rxe5 29. Rxe5 Bxe5 30. Rxf7 Kh8 31. Kf1 a5 32. a4 Rd8 33. Ke2 Rd4 34. Bb3 c5 35. Rf8+ Kg7 36. Rc8 Rf4 37. Rxc5 Bd4 38. Rc7+ Kg6 39. Kd3 Bf6 40. Bf7+ Kh6 41. Rc4 Rf2 42. Rg4 Kg7 43. Bd5 Kh6 44. Be4 Kg7 45. Bf3 Kh6 46. Ke3 Rf1 47. Ke2 Ra1 48. Rc4 Be5 49. Rc6+ Kg7 50. Rc5 Bd4 51. Rxg5+ Kf6 52. Rxa5 Bc3 53. Ra6+ Kf5 54. Kd3 Be5 55. Ra8 Ra3+ 56. Ke2 Rc3 57. Kd2 Rc5 58. a5 Bc3+ 59. Kd3 Bxa5 60. Rg8 Rc3+ 61. Ke2 Bc7 62. Rg4 Bg3 63. Be4+ Ke5 64. Bd3 Rc6 65. Re4+ Kd5 66. Ra4 Rf6 67. Be4+ Kc5 68. Bf3 Re6+ 69. Kd3 Rd6+ 70. Kc3 Be1+ 71. Kb3 Rb6+ 72. Ka2 Bc3 73. Ka3 Bb2+ 74. Ka2 Bc3 75. Be2 Rb2+ 76. Ka3 Rxc2 77. Bf3 Bd4 78. Kb3 Rc3+ 79. Ka2 Rc2+ 80. Kb1 Rb2+ 81. Kc1 Rf2 82. Ra5+ Kc4 83. Rh5 Be3+ 84. Kd1 Rd2+ 85. Ke1 Kd3 86. Rd5+ Kc3 87. Rh5 Bf2+ 88. Kf1 Bg3 89. Be2 Rd4 90. Rf5 Rf4+ 91. Rxf4 Bxf4 92. Kf2 Bg3+ 93. Kf3 Kd4 94. Kg4 Ke3 95. Bf3 Kf2 96. Be4 Kg1 97. Bf3 Kf2 98. Kf5 Kg1 99. Ke4 Kf2 100. Kd3 Kg1 101. Ke2 Kh2 102. Kf1 Kh1 103. Be4 Kh2 104. Bf5 Kh1 105. Be4 Kh2 106. Ke2 Kh1 107. Kf3 Kh2 1/2-1/2

[Event "Titled Tuesday intern op 08th Nov Late"]
[Site "Chess.com INT"]
[Date "2022.11.08"]
[Round "4"]
[White "Maltsevskaya, Aleksandra"]
[Black "Roux, Baptiste"]
[Result "0-1"]
[WhiteElo "2402"]
[BlackElo "2171"]
[PlyCount "38"]
[EventDate "2022.11.08"]
[EventType "swiss (blitz)"]
[EventRounds "11"]
[EventCountry "USA"]
[SourceTitle "EXT 2024"]
[Source "ChessBase"]
[SourceDate "2023.10.10"]
[SourceVersion "1"]
[SourceVersionDate "2023.10.10"]
[SourceQuality "1"]

1. Nf3 Nf6 2. g3 g6 3. d3 Bg7 4. Nbd2 0-0 5. Bg2 Re8 6. 0-0 e5 7. e4 d6 8. Ne1 Nc6 9. f4 exf4 10. gxf4 Bg4 11. Nef3 Qd7 12. f5 gxf5 13. h3 fxe4 14. hxg4 exf3 15. Bxf3 Ne5 16. Ne4 Nxf3+ 17. Rxf3 Nxe4 18. dxe4 Qxg4+ 19. Kh2 Re5 0-1